000 00379nam a2200157Ia 4500
003 Ost
005 20260225132557.0
008 260225s9999||||xx |||||||||||||| ||und||
040 _cfsic
041 _afre
082 _a302.23
100 _aAhmed Attar
_eAuteur
245 0 _aMethodes et pratiques de la communication scientifique /
245 0 _cAhmed Attar
942 _cكتاب
999 _c34504
_d34504